Quiz o państwach#9 - Statystyki

Ogólne statystyki
  • Ten quiz został rozwiązany 15 razy
  • Średni wynik to 3 z 5
Statystyki odpowiedzi
Pytanie Odpowiedź % Poprawnych
Jedyne państwo w Ameryce Północnej zaczynające się na "A" Antigua i Barbuda
92%
Stolica tego państwa to Bagdad Irak
85%
Najdłuższa rzeka tego państwa to Oranje Republika Południowej Afryki
46%
Domena internetowa tego państwa to .sr Surinam
31%
Na fladze tego państwa widnieje fregata Kiribati
23%
Nie znaleziono quizów pasujących do podanych kryteriów
Rozkład punktacji
Procent ludzi z każdym wynikiem
Percentyl według liczby udzielonych odpowiedzi
Twoja historia wyników
Nie rozwiązałeś tego quizu